| 000 | 00667nam a2200241Ia 4500 | ||
|---|---|---|---|
| 003 | OSt | ||
| 005 | 20220918193544.0 | ||
| 006 | a|||||r|||| 00| 0 | ||
| 007 | ta | ||
| 008 | 220917b |||||||| |||| 00| 0 eng d | ||
| 024 | _a73,801 | ||
| 037 | _cTextual | ||
| 040 |
_aARTS _cARTS _beng |
||
| 041 |
_2eng _aeng |
||
| 082 | _aR65jN04, M8 | ||
| 100 |
_aPappu S S Rama Rao _982042 |
||
| 245 | 0 |
_aPerspective on Vedanta _b essays in Honour of Prof P T Raju |
|
| 260 |
_aLeiden _bE J Brill _c1988 |
||
| 300 |
_a206p. _ccm. |
||
| 650 |
_aVEDANTA PHILOSOPHY _92484 |
||
| 942 |
_hR65jN04, M8 _cTEXL _2CC |
||
| 999 |
_c199515 _d199515 |
||